000 nam a22 a 4500
999 _c122714
_d122714
003 BLK
005 20220520091938.0
008 180409b bul|||||r ||||||| ||bul||
010 _aKNG00128360000
040 _aBLK
041 _aBUL
_cBUL
080 _aБългарска литература
_b821.163.2
_x-31
_z821.163.2-31
100 1 _aАнтонов-Тонич, Антон
_eпърви автор
_gАнтонов, Антон Константинов
_9265826
139 _aАнтонов-Тонич, Антон
_bА 75
245 1 0 _aУлици на гнева
_bРоман
_cАнтон Антонов-Тонич.
250 _a2. изд.
257 _aBGR
260 _aСофия
_bОФ
_c1983
300 _a235 с.
_c20 см
380 _aX
500 _a1. изд. 1978. - Пълното име на авт. Антон Константинов Антонов. - 15 000 тир.
700 1 _aАнтонов, Антон Константинов
_e*
_9376977
852 _aЦб 120812
856 4 _qpdf
856 4 _qpdf
942 _cKNG
_n0
_s1
944 _aCR
_c06.03.2012
_l06.03.2012 - от С1,Р / 06.03.2012
_kПравда_Бадева
944 _aED
_c06.03.2012
_l06.03.2012 - от С1,Р / 06.03.2012
944 _aED
_c2022-05-20
_l2022-05-20
_kВК
999 _d122714